Investigación participativa en la agroindustria panelera de La Unión, Sucre /

Guardat en:
Dades bibliogràfiques
Autor principal: Luna Vásquez, Ana Isabel (autora.)
Altres autors: Hoz Charry, Carmen de la (autora.), Tejada Vergara, Claudia Patricia (autora.), Pérez Bravo, Deyanira (autora.), Hernández Burgos, Jaime Luis (autor.), Salgado González, Lucía Margarita (autora.)
Format: eBook
Idioma:espanyol
Publicat: Bogotá : Sello Editorial UNAD, 2023.
Col·lecció:Escuela de Ciencias Administrativas, Contables, Económicas y de Negocios - ECACEN.
Matèries:
Accés en línia:https://elibro.unach.elogim.com/es/lc/unach/titulos/288186
Etiquetes: Afegir etiqueta
Sense etiquetes, Sigues el primer a etiquetar aquest registre!

MARC

LEADER 00000nam a2200000 i 4500
001 ELB288186
003 FINmELB
005 20251205215500.0
006 m o d |
007 cr cnu||||||||
008 251125s2023 ck o 001 0 spa d
020 |a 9789586519496  |q (e-book) 
020 |a 9789586519489  |q (print) 
035 |a (OCoLC)1564681716 
040 |a FINmELB  |b spa  |e rda  |c FINmELB 
050 4 |a HD9235.C6  |b L86 2023 
080 |a 338.43 
082 0 4 |a 338.173  |2 23 
100 1 |a Luna Vásquez, Ana Isabel,  |e autora. 
245 1 0 |a Investigación participativa en la agroindustria panelera de La Unión, Sucre /  |c Ana Isabel Luna Vásquez, Carmen de la Hoz Charry, Claudia Patricia Tejada Vergara, Deyanira Pérez Bravo, Jaime Luis Hernández Burgos, Lucía Margarita Salgado González, Omar David Narváez Morales, María Paulina Mendoza Combatt, Mariano Esteban Romero Torres, Ro- ger Ricardo Negrete Pérez, Rocío del Carmen Atencio Orozco, Yaneth de Jesús Galindo Mora. 
264 1 |a Bogotá :  |b Sello Editorial UNAD,  |c 2023. 
300 |a 1 recurso en línea (115 páginas) 
336 |a texto  |b txt  |2 rdacontent/spa 
337 |a computadora  |b c  |2 rdamedia/spa 
338 |a recurso en línea  |b cr  |2 rdacarrier/spa 
490 1 |a Escuela de Ciencias Administrativas, Contables, Económicas y de Negocios - ECACEN 
500 |a Incluye índice. 
588 |a Descripción basada en metadatos suministrados por el editor y otras fuentes. 
590 |a Recurso electrónico. Santa Fe, Arg.: elibro, 2025. Disponible vía World Wide Web. El acceso puede estar limitado para las bibliotecas afiliadas a elibro. 
650 4 |a Agroindustria. 
650 4 |a Caña de azúcar  |x Cultivo  |z La Unión (Sucre, Colombia) 
650 4 |a Agroindustria panelera  |x Investigación participativa  |z Colombia  |y Siglo XXI. 
651 4 |a La Unión (Sucre, Colombia)  |x Cultivos. 
655 4 |a Libros electrónicos. 
700 1 |a Hoz Charry, Carmen de la,  |e autora. 
700 1 |a Tejada Vergara, Claudia Patricia,  |e autora. 
700 1 |a Pérez Bravo, Deyanira,  |e autora. 
700 1 |a Hernández Burgos, Jaime Luis,  |e autor. 
700 1 |a Salgado González, Lucía Margarita,  |e autora. 
797 2 |a elibro, Corp. 
830 0 |a Escuela de Ciencias Administrativas, Contables, Económicas y de Negocios - ECACEN. 
856 4 0 |u https://elibro.unach.elogim.com/es/lc/unach/titulos/288186